Statistics for Artists That Have Worked with John Legend

Click here to take the quiz!

General Stats

  • This quiz has been taken 4 times
  • The average score is 3 of 41

Answer Stats

Artist% Correct
Kanye West
75%
Andre 3000
50%
Chance the Rapper
25%
Common
25%
DJ Khaled
25%
Jay-Z
25%
Jhene Aiko
25%
JID
25%
Saweetie
25%
Alok
0%
Ariana Grande
0%
Benny Benassi
0%
Big Sean
0%
Buju Banton
0%
Carrie Underwood
0%
Ella Mai
0%
Estelle
0%
Faouzia
0%
Fort Minor
0%
French Montana
0%
Fridayy
0%
Gary Clark Jr.
0%
Kane Brown
0%
Lecrae
0%
Lil Wayne
0%
Lindsey Stirling
0%
Ludacris
0%
Magnetic Man
0%
Mariah Carey
0%
Meghan Trainor
0%
Muni Long
0%
Nas
0%
Niall Horan
0%
Nipsey Hussle
0%
Rick Ross
0%
Rufus Rainwright
0%
Sam Smith
0%
Sara Bareillis
0%
Sebastian Yatra
0%
Tiesto
0%
Yung Bleu
0%

Score Distribution

Percentile by Number Answered

Percent of People with Each Score

Your Score History

You have not taken this quiz